Missing Word: 'D' Song Endings Quiz Stats

 Plays Quiz Updated Jun 26, 2015

Challenge
Share
Tweet
Embed
Score 0/20 Timer 04:00
0 Plays Today
Song Missing Word % Correct
Another One Bites The _____Dust
99.5%
Knockin' On Heaven's _____Door
99.2%
Puff The Magic _____Dragon
93.5%
Lucy In The Sky With _____Diamonds
92.2%
That'll Be The _____Day
91.6%
California _____Dreamin'
90.6%
Rolling In The _____Deep
84%
Afternoon _____Delight
80%
Jack And _____Diane
76%
Sympathy For The _____Devil
74.2%
Song Missing Word % Correct
Just _____Dance
71.1%
Hello, _____!Dolly
69.5%
Hey There _____Delilah
66.3%
Rubber _____Duckie
58.6%
The River Of _____Dreams
57.8%
I Want A New _____Drug
44.3%
From A _____Distance
43.8%
Back To _____December
21.5%
Walk The _____Dinosaur
20.9%
Brilliant _____Disguise
19.1%

Today's Daily Dose

You're not logged in!

Compare scores with friends on all Sporcle quizzes.
Join for Free
OR
Log In

You Might Also Like...

Show Comments

Extras

Top Quizzes Today


Score Distribution

Your Account Isn't Verified!

In order to create a playlist on Sporcle, you need to verify the email address you used during registration. Go to your Sporcle Settings to finish the process.

Report this User

Report this user for behavior that violates our Community Guidelines.

Details: